|
|
|
|
| LEADER |
01280nam a2200349 a 4500 |
| 001 |
000000606 |
| 005 |
00000000000000.0 |
| 008 |
040413s1814 xo e lat |
| FMT |
|
|
|
| 040 |
|
|
|a SVKKK
|b slo
|c SVKKK
|e AACR2
|
| 041 |
0 |
|
|a lat
|
| 044 |
|
|
|a xo
|c SK
|
| 080 |
|
|
|a 23
|
| 100 |
1 |
|
|a Kramer, František],
|d 1748-1818
|4 aut
|
| 245 |
1 |
0 |
|a Fragmentum Secundum :
|b Fragmentum Secundum, Dogmaticum, De Sola Salvifica Religione, Et Neoterica Religionis Catholicitate, Ex Scriptura, Et Ratione. Authore Examinis Schediasmatis, De Sola Salvifica.
|
| 260 |
|
|
|a Tyrnaviae :
|b Typis Venceslai Jelinek, Caes. Reg. Privil. Typogr.,
|c 1814
|
| 300 |
|
|
|a 166 s. A/8-K/8,L/3 [=83] list.
|c 8°. 20x13 cm
|
| 500 |
|
|
|a Časť textu v nem. jazyku.
|
| 500 |
|
|
|a Autor podľa Radvániho.
|
| 500 |
|
|
|a Linky ozdobné, verz. vo voľ. priestore na 1 r., typograf. ozdoby, kustódy.
|
| 510 |
4 |
|
|a Petrik I/820 [pod Fragmentum]; Hanakovič II/598; Telgársky-Banská IV/2310; Zelliger 172; Radváni 73/501.
|
| 501 |
|
|
|a H 951B.
|
| 653 |
1 |
|
|a dogmatika
|
| 653 |
1 |
|
|a teológia
|
| 710 |
0 |
|
|a Jelínek, Václav
|c Trnava
|4 prt
|
| 752 |
|
|
|a Slovensko
|d Trnava
|
| 852 |
|
|
|p B 951 prív. 1. PA
|
| 904 |
|
|
|a a y aa yyyb 0001
|
| 905 |
|
|
|a fg a1cb
|
| 910 |
|
|
|a svkkk
|
| 998 |
|
|
|a TRNTL
|
| BAS |
|
|
|